Music Quiz

Random Music or Song Quiz

Sum 41 Top 20 Songs Quiz Stats

 Plays Quiz not verified by Sporcle

Score 0/20 Timer 06:00
0 Plays Today
% Correct
2. Fat Lip (95 million plays)
93.4%
1. In Too Deep (106 million plays)
91%
3. Still Waiting (82 million plays)
80.3%
4. The Hell Song (48 million plays)
79.5%
5. Pieces (44 million plays)
76.2%
10. Underclass Hero (13,5 million plays)
70.5%
7. Over My Head (Better Off Dead) (18,7 million plays)
68.9%
15. Motivation (10,5 million plays)
67.2%
6. With Me (36,8 million plays)
66.4%
11. Walking Disaster (13,4 million plays)
64.8%
% Correct
14. We're All to Blame (10,5 million plays)
63.9%
9. Screaming Bloody Murder (13,9 million plays)
62.3%
8. War (15,8 million plays)
59.8%
16. Fake My Own Death (9,9 million plays)
55.7%
13. Some Say (11,4 million plays)
54.9%
12. No Reason (12,2 million plays)
50%
19. Jessica Kill (6 million plays)
29.5%
17. Best of Me (6,6 million plays)
28.7%
20. Reason to Believe (5,9 million plays)
19.7%
18. Crash (6,5 million plays)
17.2%

You're not logged in!

Compare scores with friends on all Sporcle quizzes.
OR
Log In

Show Comments

Extras

Top Quizzes Today


Score Distribution

Your Account Isn't Verified!

In order to create a playlist on Sporcle, you need to verify the email address you used during registration. Go to your Sporcle Settings to finish the process.

Report this User

Report this user for behavior that violates our Community Guidelines.

Details: